Etica versus violencia /
Guardado en:
| Hovedforfatter: | |
|---|---|
| Format: | Texto |
| Fag: | |
| Tags: |
Tilføj Tag
Ingen Tags, Vær først til at tagge denne postø!
|
MARC
| LEADER | 00000 a a2200000 04500 | ||
|---|---|---|---|
| 001 | 8643 | ||
| 003 | |||
| 040 | |||
| 100 | |a Santuc, Vicente | ||
| 245 | |a Etica versus violencia / |c Vicente Santuc | ||
| 650 | |a ETICA | ||
| 650 | |a VIOLENCIA | ||
| 650 | |a EDUCACION | ||
| 773 | |g número 98; páginas 32-34 | ||
| 999 | |c 37950 |d 37950 | ||
